| 000 | 00335nam a22001337a 4500 | ||
|---|---|---|---|
| 008 | 180919b xxu||||| |||| 00| 0 eng d | ||
| 020 | _a0871173662 | ||
| 041 | _aeng | ||
| 080 | _a371 | ||
| 100 | _a25 | ||
| 101 | _aEDU | ||
| 245 |
_aEstablishing & Sustaining Learning - Centered Community Colleges _cMcPhail, Ch. J |
||
| 942 |
_2udc _cBK |
||
| 999 |
_c48009 _d48009 |
||